000 00737cam a22002292 4500
001 0000023239
005 20151021151143.0
008 120907s xx 000 0 eng d
020 _a0073273099
040 _aKABU
_cKABU
050 0 _aHB172
_b.M33 2008
100 1 _aMcConnell, Campbell R.
_@0000105653
245 1 0 _aMicroeconomics :
_bprinciples, problems and policies /
_cC. R. McConnell, S. L. Bruce.
250 _a17th ed.
260 _aBoston :
_bMcGraw-Hill,
_c2008.
300 _axxvii, 482 [38] p. +
_ewith 1 student guide.
650 0 _aMicroeconomics.
_@0000149944
700 1 _aBruce, S. L.
_@0000160247
852 1 _9p3,500 KES
908 _a120907
950 _@1
999 _c1281
_d1281